| 000 | 00869cam a2200217 4500 | ||
|---|---|---|---|
| 001 | WB3827-20 | ||
| 008 | 020724n2002 000 0 eng u | ||
| 035 | _a(Sirsi) u119024 | ||
| 245 | _aDairy's gone sour | ||
| 260 | _c2002 | ||
| 490 |
_aRICS Press Release _v(pr095) 23 July 2002, (1) |
||
| 520 | _aThe 80% drop in profit could drive farmers away from dairy farming, leading to milk coming from as far away as mainland Europe. All farm types are declining but dairy farming has been hit worst, caused by the shortage of dairy cows after the FMD mass cull. | ||
| 590 | _aWB | ||
| 650 | _aDAIRY FARMING | ||
| 650 | _aPROFITABILITY | ||
| 650 | _aMILK PRODUCTION | ||
| 650 | _aMILK PRODUCTS | ||
| 690 | _aRURAL-AGRICULTURE AND FORESTRY | ||
| 856 | _ahttp://www.rics.org/ricscms/bin/show?class=PressRelease&template=/includes/showpr.html&id=783 | ||
| 942 | _n0 | ||
| 999 |
_c70804 _d70804 |
||